[Event "Open Letni Praha 2017 - A"]
[Site "Praha"]
[Date "2017.08.07"]
[Round "5"]
[White "Radeva, Viktoria"]
[Black "Maza Lopez De Los M, Santiago"]
[Result "1-0"]
[WhiteElo "2214"]
[BlackElo "1994"]
[PlyCount "79"]
[EventDate "2017.08.04"]

1. e4 c6 2. d4 d5 3. Nd2 dxe4 4. Nxe4 Nf6 5. Nxf6+ exf6 6. Nf3 Bd6 7. Bd3 O-O
8. O-O Bg4 9. Be3 Nd7 10. Be2 Re8 11. c4 Nf8 12. Qd2 Qd7 13. Rfe1 a5 14. a3 Ne6
15. Rad1 b5 16. d5 cxd5 17. Qxd5 Rad8 18. Qxb5 Qxb5 19. cxb5 Bc5 20. Bxc5 Nxc5
21. h3 Be6 22. Nd4 Na4 23. Nxe6 Rxd1 24. Bxd1 Nxb2 25. Bb3 fxe6 26. Rxe6 Kf8
27. Ra6 a4 28. Bxa4 Rb8 29. Bc2 Rxb5 30. Bxh7 Rg5 31. Be4 Ke7 32. a4 Nc4 33.
Bd3 Nd6 34. a5 Rd5 35. Be2 Kd7 36. Ra7+ Kc8 37. a6 g5 38. Rh7 Ra5 39. a7 Nb7
40. Bg4+ 1-0

[Event "Open Letni Praha 2017 - A"]
[Site "Praha"]
[Date "2017.08.07"]
[Round "5"]
[White "Sindler, Michal"]
[Black "Pribylova, Sofie"]
[Result "1-0"]
[WhiteElo "2201"]
[BlackElo "2003"]
[PlyCount "83"]
[EventDate "2017.08.04"]

1. e4 c5 2. Nf3 d6 3. Bb5+ Nd7 4. O-O a6 5. Bd3 Ngf6 6. a4 e6 7. c3 Be7 8. Bc2
O-O 9. d4 e5 10. a5 Qc7 11. Re1 b6 12. axb6 Nxb6 13. h3 Bd7 14. Nbd2 cxd4 15.
cxd4 Rfc8 16. Bd3 Bb5 17. Bxb5 axb5 18. Rxa8 Rxa8 19. Qb3 Ra1 20. Qd1 Nc4 21.
Qc2 Bd8 22. Nxc4 bxc4 23. dxe5 dxe5 24. Nd2 Nd7 25. Qxc4 Nc5 26. b4 Na6 27. b5
Nb8 28. Kf1 Nd7 29. Bb2 Rxe1+ 30. Kxe1 Nc5 31. Qd5 Bf6 32. Nc4 Nd7 33. Qc6 Qd8
34. b6 Nxb6 35. Nxb6 h6 36. Qc8 Kh7 37. Qxd8 Bxd8 38. Nd5 f6 39. Ke2 Ba5 40.
Bc3 Bd8 41. Bb4 Kg6 42. Kd3 1-0

[Event "Open Letni Praha 2017 - A"]
[Site "Praha"]
[Date "2017.08.07"]
[Round "5"]
[White "Svetly, Jiri"]
[Black "Mukashev, Assan"]
[Result "0-1"]
[WhiteElo "1993"]
[BlackElo "2199"]
[PlyCount "136"]
[EventDate "2017.08.04"]

1. d4 Nf6 2. c4 c6 3. Nc3 d5 4. Nf3 a6 5. cxd5 cxd5 6. Bg5 Ne4 7. Bh4 Qa5 8.
Qa4+ Qxa4 9. Nxa4 Nd7 10. Nd2 b5 11. Nxe4 dxe4 12. Nc5 Nxc5 13. dxc5 e5 14. Rc1
Be6 15. a3 b4 16. f3 e3 17. Bg5 bxa3 18. bxa3 Rb8 19. Bxe3 Rb3 20. Kf2 Rxa3 21.
g4 Be7 22. h4 Kd7 23. Bg2 Rc8 24. Rhd1+ Ke8 25. g5 Ra4 26. Kg3 f5 27. gxf6 gxf6
28. f4 e4 29. Rd4 Ra3 30. Rxe4 Bf5 31. Rxe7+ Kxe7 32. Kf2 a5 33. c6 Rb3 34.
Bc5+ Ke8 35. Bd4 Rb4 36. e3 a4 37. Rc5 Be6 38. Bxf6 a3 39. Bf3 a2 40. f5 Bb3
41. c7 Rc4 42. Rb5 Ba4 43. Bh5+ Kf8 44. Ra5 R8xc7 45. Ra8+ Rc8 46. Ra7 Be8 47.
Bd1 Bf7 48. Kg3 R4c7 49. Ra3 Bd5 50. Kf4 Rd7 51. Be2 Ra8 52. Rxa8+ Bxa8 53. Bc4
Bd5 54. Bxa2 Bxa2 55. e4 Bb1 56. e5 Rd1 57. Bg5 Rf1+ 58. Ke3 Bxf5 59. Kd4 Kf7
60. Kd5 Rd1+ 61. Kc5 Ke6 62. Bf6 Rd5+ 63. Kc4 Rxe5 64. Bd8 Bb1 65. Kc3 Rc5+ 66.
Kb4 Rc8 67. Bg5 Kf5 68. Kb5 Kg4 0-1

[Event "Open Letni Praha 2017 - A"]
[Site "Praha"]
[Date "2017.08.07"]
[Round "5"]
[White "Gokhale, Chandrashekhar"]
[Black "French, Max"]
[Result "1-0"]
[WhiteElo "2197"]
[BlackElo "1968"]
[PlyCount "57"]
[EventDate "2017.08.04"]

1. Nf3 Nf6 2. g3 d5 3. Bg2 e6 4. O-O Be7 5. b3 c5 6. c4 Nc6 7. cxd5 exd5 8. d4
O-O 9. Bb2 Be6 10. Nc3 Rc8 11. Rc1 Qa5 12. dxc5 Bxc5 13. Na4 Be7 14. a3 b5 15.
Nc5 Qb6 16. Nxe6 fxe6 17. Bh3 Na5 18. Rxc8 Rxc8 19. Nd4 Kh8 20. Bxe6 Rf8 21.
Qd3 Nc6 22. Bh3 Bc5 23. Ne6 Rf7 24. Nxc5 Qxc5 25. Rc1 Qb6 26. Qf5 Ne7 27. Qe6
Qxe6 28. Bxe6 Rf8 29. Rc7 1-0

[Event "Open Letni Praha 2017 - A"]
[Site "Praha"]
[Date "2017.08.07"]
[Round "5"]
[White "Anaskin, Arsenij"]
[Black "Pribyl, Viktor"]
[Result "1/2-1/2"]
[WhiteElo "2188"]
[BlackElo "1906"]
[PlyCount "88"]
[EventDate "2017.08.04"]

1. e4 c5 2. Nf3 d6 3. d4 cxd4 4. Nxd4 Nf6 5. Nc3 a6 6. g3 e5 7. Nb3 Be7 8. Bg2
b5 9. O-O O-O 10. a4 b4 11. Nd5 Nxd5 12. Qxd5 Ra7 13. Be3 Be6 14. Qd3 Rd7 15.
Rfc1 Kh8 16. a5 f5 17. exf5 Bxf5 18. Be4 Bxe4 19. Qxe4 d5 20. Qxe5 Bf6 21. Qh5
Bxb2 22. Nc5 Qf6 23. Nxd7 Nxd7 24. Qxd5 Ne5 25. Rab1 Bxc1 26. Rxc1 Ng4 27. Qc5
Nxe3 28. Qxe3 Qf5 29. Qb6 Rf6 30. Qd8+ Rf8 31. Qb6 Rf6 32. Rd1 h6 33. Rd8+ Kh7
34. Qd4 Qxc2 35. Qd3+ Qxd3 36. Rxd3 Rf5 37. Rb3 Rb5 38. Kf1 Kg6 39. Ke2 Kf5 40.
Kd3 g5 41. h3 h5 42. Kd4 g4 43. hxg4+ hxg4 44. f3 Rxa5 1/2-1/2

[Event "Open Letni Praha 2017 - A"]
[Site "Praha"]
[Date "2017.08.07"]
[Round "5"]
[White "Kucera, Tomas"]
[Black "Toman, Ondrej"]
[Result "0-1"]
[WhiteElo "1993"]
[BlackElo "2187"]
[PlyCount "66"]
[EventDate "2017.08.04"]

1. e4 c6 2. d4 d5 3. exd5 cxd5 4. c4 Nf6 5. Nc3 Nc6 6. Nf3 Bg4 7. cxd5 Nxd5 8.
Qb3 Bxf3 9. gxf3 Nb6 10. Be3 e6 11. O-O-O Qc7 12. d5 Nxd5 13. Rxd5 exd5 14.
Nxd5 Qc8 15. Bb5 Bd6 16. Bd4 Kf8 17. Bxc6 Qxc6+ 18. Kb1 Rc8 19. Qd3 Rg8 20. Rd1
Qc4 21. Qf5 g6 22. Qe4 f5 23. Qe1 Kf7 24. Bc3 Rge8 25. Qd2 Qe2 26. Qxe2 Rxe2
27. Nf6 Be7 28. Nd5 Rd8 29. a3 Rxf2 30. Rd3 Rxh2 31. Be5 Re2 32. Bc7 Rd7 33.
Bg3 Bf6 0-1

[Event "Open Letni Praha 2017 - A"]
[Site "Praha"]
[Date "2017.08.07"]
[Round "5"]
[White "Knight, David"]
[Black "Bjornsson, Tomas"]
[Result "1/2-1/2"]
[WhiteElo "1932"]
[BlackElo "2169"]
[PlyCount "72"]
[EventDate "2017.08.04"]

1. e4 c5 2. Nf3 Nc6 3. d4 cxd4 4. Nxd4 Nf6 5. Nc3 d6 6. Bg5 e6 7. Qd2 Be7 8. f3
O-O 9. O-O-O d5 10. exd5 Nxd5 11. Bxe7 Ncxe7 12. Nb3 Qb6 13. Nxd5 Nxd5 14. c4
Ne3 15. c5 Nxf1 16. Rhxf1 Qa6 17. Kb1 e5 18. Qd6 Bf5+ 19. Ka1 Qe2 20. Qd2 Qb5
21. Qa5 Qe2 22. Qd2 Qb5 23. Qa5 a6 24. Qxb5 axb5 25. Rd2 Rfc8 26. Rc1 Be6 27.
Rd3 Ra6 28. Rcd1 Kf8 29. Rd8+ Rxd8 30. Rxd8+ Ke7 31. Rd3 Bc4 32. Re3 Ke6 33. c6
Bxb3 34. cxb7 Rb6 35. Rxb3 Rxb7 36. Rb4 Kd6 1/2-1/2

[Event "Open Letni Praha 2017 - A"]
[Site "Praha"]
[Date "2017.08.07"]
[Round "5"]
[White "Davies, Peter"]
[Black "Krivanek, Vladimir"]
[Result "1/2-1/2"]
[WhiteElo "1966"]
[BlackElo "2107"]
[PlyCount "155"]
[EventDate "2017.08.04"]

1. c4 e5 2. Nc3 Nc6 3. g3 g6 4. Bg2 Bg7 5. d3 Nge7 6. e3 O-O 7. Nge2 d6 8. O-O
Bf5 9. e4 Be6 10. Nd5 Qd7 11. Be3 Nd4 12. Nxd4 exd4 13. Bh6 c5 14. Bxg7 Kxg7
15. f4 f5 16. Nxe7 Qxe7 17. Qe2 Bd7 18. Rae1 Rae8 19. e5 b6 20. Qd2 dxe5 21.
Rxe5 Qf6 22. Rfe1 Rxe5 23. fxe5 Qf7 24. b4 Qe7 25. e6 Bxe6 26. Bd5 Rf6 27. bxc5
bxc5 28. Qg2 Qd7 29. Bc6 Qd6 30. Rb1 Bf7 31. Bf3 Qe5 32. Qd2 Rb6 33. Re1 Qb8
34. Qe2 Rb1 35. Qe7 Rxe1+ 36. Qxe1 Kf6 37. Qd2 g5 38. Kf2 Qb6 39. h4 h6 40. Qc1
Qb4 41. hxg5+ hxg5 42. Be2 Qb7 43. Qg1 Qe7 44. Qh2 Qe3+ 45. Kf1 Kg7 46. Qg2 g4
47. Qh2 Bg6 48. Qg2 f4 49. Qb7+ Bf7 50. gxf4 Qxf4+ 51. Kg2 Qe3 52. Kf1 Qh3+ 53.
Kg1 g3 54. Qh1 Qe6 55. Qf3 Qh3 56. Qg4+ Qxg4 57. Bxg4 Kf6 58. Kg2 Bg6 59. Be2
Ke5 60. Kxg3 Be8 61. Bd1 Bc6 62. Bc2 Kf5 63. Bd1 Kg5 64. Bc2 Bd7 65. Bd1 Bc8
66. Ba4 Bf5 67. Bc2 Bg4 68. Bb3 Be2 69. Bc2 Bf1 70. Kf2 Bh3 71. Kg3 Bf5 72. Bb1
Kf6 73. Kf4 Ke6 74. Bc2 Bg6 75. Kg5 Be8 76. Kf4 Kd6 77. Bb3 a5 78. a3 1/2-1/2

[Event "Open Letni Praha 2017 - A"]
[Site "Praha"]
[Date "2017.08.07"]
[Round "5"]
[White "Lindblom, Roar"]
[Black "Fraczek, Dariusz"]
[Result "1/2-1/2"]
[WhiteElo "1904"]
[BlackElo "2104"]
[PlyCount "38"]
[EventDate "2017.08.04"]

1. d4 Nf6 2. c4 g6 3. Nc3 Bg7 4. e4 d6 5. f4 O-O 6. Be2 c5 7. d5 e6 8. Nf3 exd5
9. e5 Ne4 10. Nxd5 Nc6 11. O-O dxe5 12. fxe5 Nxe5 13. Bf4 Nxf3+ 14. Bxf3 Bd4+
15. Kh1 Nf2+ 16. Rxf2 Bxf2 17. Bc7 Qg5 18. Bf4 Qd8 19. Bc7 Qg5 1/2-1/2

[Event "Open Letni Praha 2017 - A"]
[Site "?"]
[Date "2017.08.08"]
[Round "6"]
[White "Brokken, Dennis"]
[Black "Iordachescu, Viorel"]
[Result "1/2-1/2"]
[WhiteElo "2401"]
[BlackElo "2581"]
[PlyCount "23"]
[EventDate "2017.??.??"]
[WhiteClock "1:09:49"]
[BlackClock "1:07:42"]

1. d4 Nf6 2. c4 g6 3. Nc3 Bg7 4. e4 O-O 5. Be2 d6 6. Be3 Nbd7 7. g4 c5 8. g5
Ne8 9. Nf3 b6 10. h4 cxd4 11. Nxd4 Bb7 12. h5 1/2-1/2

[Event "Open Letni Praha 2017 - A"]
[Site "?"]
[Date "2017.08.08"]
[Round "6"]
[White "Urtnasan, Nasanjargal"]
[Black "Chernyshov, Konstantin"]
[Result "1/2-1/2"]
[WhiteElo "2419"]
[BlackElo "2496"]
[PlyCount "107"]
[EventDate "2017.??.??"]
[WhiteClock "0:12:57"]
[BlackClock "0:26:54"]

1. Nf3 Nf6 2. g3 b6 3. Bg2 Bb7 4. O-O e6 5. c4 Be7 6. Nc3 O-O 7. Re1 Bb4 8. Qc2
Bxc3 9. Qxc3 d6 10. d3 c5 11. b4 Nc6 12. bxc5 dxc5 13. Bb2 Qe7 14. Rad1 Rfd8
15. e3 Rac8 16. a3 Rc7 17. Bf1 Rcc8 18. Be2 Ne8 19. Nh4 Rd7 20. Ng2 f6 21. Rf1
Rcd8 22. f4 Nd6 23. Qe1 Nf7 24. Qf2 Rd6 25. Nh4 Qd7 26. h3 Ne7 27. Kh2 Qa4 28.
Qe1 Nf5 29. Nxf5 exf5 30. g4 Qe8 31. Bc1 fxg4 32. hxg4 f5 33. gxf5 Nh6 34. e4
Nxf5 35. exf5 Rh6+ 36. Kg3 Qe7 37. Bh5 Qxe1+ 38. Rfxe1 Rxh5 39. Re7 Bc8 40. Bb2
Bxf5 41. Rxg7+ Kf8 42. Rxa7 Rh3+ 43. Kg2 Rdxd3 44. Bg7+ Kg8 45. Rxd3 Rxd3 46.
Bh6 Rd6 47. Bg5 h6 48. Be7 Rd4 49. Kg3 Rxc4 50. Bf6 Rc1 51. a4 Rd1 52. Rg7+ Kf8
53. Rb7 Rd3+ 54. Kf2 1/2-1/2

[Event "Open Letni Praha 2017 - A"]
[Site "?"]
[Date "2017.08.08"]
[Round "6"]
[White "Lin, Chen"]
[Black "Kraus, Tomas"]
[Result "1-0"]
[WhiteElo "2450"]
[BlackElo "2424"]
[PlyCount "71"]
[EventDate "2017.??.??"]
[WhiteClock "0:18:04"]
[BlackClock "0:04:49"]

1. e4 e5 2. Nf3 Nf6 3. Nc3 Nc6 4. Bb5 Bb4 5. O-O O-O 6. d3 Bxc3 7. bxc3 d6 8.
h3 Qe7 9. Nh2 Nd8 10. Bc4 Ne6 11. Rb1 c6 12. a4 d5 13. exd5 Nxd5 14. Bd2 Nb6
15. Bxe6 Bxe6 16. a5 Nc8 17. Re1 f6 18. f4 exf4 19. Bxf4 Re8 20. Qh5 b6 21. c4
Qd7 22. Nf3 Bf7 23. Rxe8+ Bxe8 24. Qh4 Ne7 25. Qf2 b5 26. a6 Qc8 27. Qc5 Ng6
28. Bd6 Qxa6 29. cxb5 Qb7 30. b6 axb6 31. Rxb6 Qd7 32. Nd4 Rc8 33. Ra6 Rd8 34.
Rxc6 Ne5 35. Bxe5 fxe5 36. Ne6 1-0

[Event "Open Letni Praha 2017 - A"]
[Site "?"]
[Date "2017.08.08"]
[Round "6"]
[White "Plischki, Sebastian"]
[Black "Campora, Daniel"]
[Result "0-1"]
[WhiteElo "2383"]
[BlackElo "2436"]
[PlyCount "190"]
[EventDate "2017.??.??"]
[WhiteClock "0:21:47"]
[BlackClock "0:16:57"]

1. d4 Nf6 2. c4 e6 3. Nc3 Bb4 4. Qc2 c5 5. dxc5 Na6 6. a3 Qa5 7. Bd2 Nxc5 8.
O-O-O Bxc3 9. Bxc3 Qa4 10. Qxa4 Nxa4 11. Be5 b6 12. f3 Nc5 13. b4 Nb7 14. e4
Ke7 15. Ne2 d6 16. Bg3 e5 17. Nc3 Be6 18. Kb2 Rhc8 19. Nd5+ Nxd5 20. cxd5 Bd7
21. Ba6 Rc7 22. Rc1 Rac8 23. Rxc7 Rxc7 24. Kb3 f6 25. Bf2 Kd8 26. Be3 Kc8 27.
g3 Kb8 28. f4 Nd8 29. f5 b5 30. Rc1 Rxc1 31. Bxc1 Nf7 32. h4 Nh6 33. Be3 Ng4
34. Bg1 g6 35. fxg6 hxg6 36. Kc3 f5 37. exf5 gxf5 38. a4 bxa4 39. Bc4 Nf6 40.
Kb2 Kb7 41. b5 Be8 42. Bd3 Bg6 43. Ka3 Nxd5 44. h5 Bxh5 45. Bxf5 Nf6 46. Kxa4
Bg4 47. Bg6 Bf3 48. Bf5 d5 49. Kb4 d4 50. Kc5 Bg4 51. Bg6 Kc7 52. Bf2 Be6 53.
Bd3 Nd7+ 54. Kb4 Kd6 55. Be1 Nf6 56. Bd2 Nd5+ 57. Ka5 Kc5 58. Bh6 Nc3 59. Bf8+
Kd5 60. Ka6 e4 61. Bf1 d3 62. Bh6 Bd7 63. Be3 Bxb5+ 64. Kxa7 Nd1 65. Bf4 e3 66.
Bxe3 Nxe3 67. Bxd3 Bxd3 68. Kb6 Kd6 69. g4 Nxg4 70. Ka5 Kc5 71. Ka4 Ne3 72. Kb3
Nd5 73. Kb2 Kc4 74. Ka1 Kc3 75. Ka2 Nb4+ 76. Ka1 Bc4 77. Kb1 Nc2 78. Kc1 Ba2
79. Kd1 Nd4 80. Ke1 Kd3 81. Kf2 Ne2 82. Kf3 Be6 83. Kf2 Bd5 84. Ke1 Ke3 85. Kd1
Bb3+ 86. Ke1 Nf4 87. Kf1 Ba4 88. Ke1 Ng2+ 89. Kf1 Kf3 90. Kg1 Kg3 91. Kf1 Bb5+
92. Kg1 Nf4 93. Kh1 Bc4 94. Kg1 Nh3+ 95. Kh1 Bd5# 0-1

[Event "Open Letni Praha 2017 - A"]
[Site "?"]
[Date "2017.08.08"]
[Round "6"]
[White "Lamorelle, Julien"]
[Black "Vichnar, David"]
[Result "0-1"]
[WhiteElo "2358"]
[BlackElo "2428"]
[PlyCount "82"]
[EventDate "2017.??.??"]
[WhiteClock "0:01:57"]
[BlackClock "0:27:06"]

1. e4 c5 2. Nf3 e6 3. d4 cxd4 4. Nxd4 Nc6 5. Nc3 Qc7 6. f4 a6 7. Nxc6 Qxc6 8.
Bd3 b5 9. Qe2 Bb7 10. Bd2 Bc5 11. O-O-O Ne7 12. a3 O-O 13. Qh5 f5 14. g4 g6 15.
Qg5 d5 16. gxf5 exf5 17. exd5 Nxd5 18. Rhe1 Bd4 19. Nxd5 Qxd5 20. Qe7 Qa2 21.
Qe6+ Qxe6 22. Rxe6 Bd5 23. Rd6 Rfd8 24. Rxd8+ Rxd8 25. a4 bxa4 26. Bxa6 Rb8 27.
c3 Bc5 28. Bd3 Kf7 29. Bc2 Bb3 30. Re1 Bd6 31. Be3 a3 32. bxa3 Bxa3+ 33. Kd2
Rd8+ 34. Bd3 Bc4 35. Bd4 Rxd4 36. cxd4 Bb4+ 37. Ke3 Bxd3 38. Rc1 Be4 39. Rc7+
Be7 40. Rc8 h6 41. Rh8 Bf8 0-1

[Event "Open Letni Praha 2017 - A"]
[Site "?"]
[Date "2017.08.08"]
[Round "6"]
[White "Mammadov, Zaur"]
[Black "Saiyn, Zhanat"]
[Result "1-0"]
[WhiteElo "2424"]
[BlackElo "2381"]
[PlyCount "81"]
[EventDate "2017.??.??"]
[WhiteClock "1:06:13"]
[BlackClock "0:09:11"]

1. e4 g6 2. d4 Bg7 3. Nf3 d6 4. Bc4 e6 5. O-O Ne7 6. Re1 a6 7. a4 b6 8. Qe2 Bb7
9. Nbd2 Nd7 10. Nf1 c5 11. c3 cxd4 12. cxd4 d5 13. exd5 Bxd5 14. Bxd5 Nxd5 15.
Ng5 N7f6 16. Nxf7 Kxf7 17. Qxe6+ Kf8 18. b3 b5 19. axb5 axb5 20. Rxa8 Qxa8 21.
Ne3 Qd8 22. Bd2 Qe7 23. Qc6 Nxe3 24. Rxe3 Qd7 25. Bb4+ Kg8 26. d5 Qxc6 27. dxc6
Nd5 28. Rd3 Nb6 29. Bc5 Nc8 30. Rd7 h5 31. Rc7 Kh7 32. Bd4 Rg8 33. Bxg7 Rxg7
34. Rxc8 Ra7 35. Kf1 Ra2 36. c7 Rc2 37. Ke1 h4 38. Kd1 Rc3 39. Kd2 b4 40. f4 g5
41. f5 1-0

[Event "Open Letni Praha 2017 - A"]
[Site "?"]
[Date "2017.08.08"]
[Round "6"]
[White "Mustafayev, Farid"]
[Black "Neuman, Petr"]
[Result "1-0"]
[WhiteElo "2076"]
[BlackElo "2457"]
[PlyCount "71"]
[EventDate "2017.??.??"]
[WhiteClock "0:06:19"]
[BlackClock "0:20:58"]

1. e4 c6 2. c4 d5 3. exd5 cxd5 4. cxd5 Nf6 5. Nc3 Nxd5 6. d4 Nc6 7. Nf3 Bg4 8.
Bc4 e6 9. Bxd5 exd5 10. O-O Be7 11. Be3 Bb4 12. h3 Bxf3 13. Qxf3 Bxc3 14. bxc3
O-O 15. Rab1 Qd7 16. Qe2 Rfd8 17. Bf4 Rac8 18. Qf3 Na5 19. Rfe1 Re8 20. Re5
Rxe5 21. dxe5 Rc5 22. Qg3 Qf5 23. Re1 Nc6 24. e6 fxe6 25. Bh6 Qf7 26. Rxe6 Ne7
27. Qd6 Ng6 28. Qd8+ Nf8 29. Re7 gxh6 30. Rxf7 Kxf7 31. f4 b6 32. f5 d4 33.
cxd4 Rxf5 34. d5 Re5 35. d6 Rd5 36. Qc7+ 1-0

[Event "Open Letni Praha 2017 - A"]
[Site "?"]
[Date "2017.08.08"]
[Round "6"]
[White "Xiu, Deshun"]
[Black "Mikes, Jan"]
[Result "1-0"]
[WhiteElo "2532"]
[BlackElo "2253"]
[PlyCount "71"]
[EventDate "2017.??.??"]
[WhiteClock "0:17:20"]
[BlackClock "0:00:52"]

1. d4 Nf6 2. c4 g6 3. Nc3 Bg7 4. e4 d6 5. Be2 O-O 6. Nf3 e5 7. O-O Nc6 8. d5
Ne7 9. b4 Ne8 10. a4 f5 11. a5 Nf6 12. Bg5 f4 13. Nd2 Kh8 14. c5 Neg8 15. f3 h6
16. Bh4 g5 17. Bf2 Ne8 18. Nc4 Bd7 19. b5 h5 20. b6 axb6 21. axb6 Rxa1 22. Qxa1
g4 23. bxc7 Nxc7 24. Nxd6 Qg5 25. Qe1 Bf6 26. Nf5 Bxf5 27. exf5 Qxf5 28. Qb1 e4
29. Nxe4 Nxd5 30. fxg4 hxg4 31. Nxf6 Qxf6 32. Bxg4 Nge7 33. Qd3 Nb4 34. Qh3+
Kg7 35. Rd1 Nc2 36. Bh4 1-0

[Event "Open Letni Praha 2017 - A"]
[Site "?"]
[Date "2017.08.08"]
[Round "6"]
[White "Domogaev, Sergey"]
[Black "Vanek, Ladislav"]
[Result "1/2-1/2"]
[WhiteElo "2400"]
[BlackElo "2235"]
[PlyCount "132"]
[EventDate "2017.??.??"]
[WhiteClock "0:01:55"]
[BlackClock "0:01:09"]

1. d4 Nf6 2. Bf4 e6 3. Nf3 c5 4. e3 Nc6 5. c3 d5 6. Nbd2 Bd6 7. Bg3 O-O 8. Bd3
Qe7 9. Ne5 Nd7 10. f4 f5 11. Ndf3 Bxe5 12. dxe5 c4 13. Bc2 Nc5 14. Bh4 Qe8 15.
g4 fxg4 16. Ng5 Nd3+ 17. Bxd3 cxd3 18. Qxg4 Qg6 19. Rg1 Bd7 20. O-O-O Rac8 21.
Nf3 Be8 22. Qh3 Qf5 23. Qxf5 Rxf5 24. Rxd3 Bg6 25. Rd2 Bh5 26. Ng5 Re8 27. Rdg2
g6 28. Rf2 h6 29. Nh3 Nb8 30. Rfg2 Nd7 31. Nf2 Nf8 32. h3 Nh7 33. Bg3 Bf3 34.
Rh2 Rh5 35. Nd3 b6 36. Nb4 Rc8 37. Nc2 Be4 38. Nd4 Nf8 39. h4 a6 40. Kd2 Kf7
41. Be1 Nh7 42. Bg3 Rg8 43. Rf2 Ke7 44. Rgf1 Rf8 45. b3 g5 46. hxg5 hxg5 47.
Rg1 g4 48. Rff1 Rh8 49. Rc1 Rc8 50. c4 dxc4 51. bxc4 Nf8 52. Be1 Rh2+ 53. Kc3
b5 54. Kb4 bxc4 55. Rxg4 Ng6 56. Bg3 Rg2 57. Rxc4 Rxc4+ 58. Kxc4 Kf7 59. a3 Ne7
60. Rg5 Nd5 61. Bh4 Nxe3+ 62. Kc5 Ra2 63. Kb4 Nd5+ 64. Kb3 Rd2 65. Nc6 Nxf4 66.
Rg4 Bxc6 1/2-1/2

[Event "Open Letni Praha 2017 - A"]
[Site "?"]
[Date "2017.08.08"]
[Round "6"]
[White "Sbarra, Marco"]
[Black "Hoefelsauer, Thomas"]
[Result "1/2-1/2"]
[WhiteElo "2228"]
[BlackElo "2357"]
[PlyCount "95"]
[EventDate "2017.??.??"]
[WhiteClock "0:26:25"]
[BlackClock "0:24:35"]

1. e4 c6 2. d4 d5 3. exd5 cxd5 4. c4 Nf6 5. Nc3 g6 6. Qb3 Bg7 7. cxd5 O-O 8.
Nf3 Nbd7 9. a4 Nb6 10. a5 Nbxd5 11. Bc4 Nxc3 12. bxc3 Ne4 13. O-O Qc7 14. Re1
Nd6 15. Bf1 Bg4 16. Ne5 Be6 17. d5 Bf5 18. c4 Ne4 19. f4 h5 20. Be3 g5 21. Bd4
gxf4 22. Qb2 Nc5 23. Ra3 e6 24. Qf2 Ne4 25. Qb2 f6 26. Nf3 e5 27. Bd3 exd4 28.
Bxe4 Bxe4 29. Rxe4 f5 30. Re1 Qxc4 31. Qxb7 d3 32. Qb3 Qc5+ 33. Kf1 Rad8 34.
d6+ Kh8 35. Qxd3 Rxd6 36. Qb3 Qd5 37. Qxd5 Rxd5 38. a6 Rb8 39. Ra2 Rd7 40. Nh4
Bc3 41. Rc1 Bf6 42. Ng6+ Kh7 43. Nxf4 Bg5 44. Rc4 Bxf4 45. Rxf4 Kg6 46. Rc4 Rb6
47. Kf2 Rdd6 48. Rc7 1/2-1/2

[Event "Open Letni Praha 2017 - A"]
[Site "?"]
[Date "2017.08.08"]
[Round "6"]
[White "Slovak, Kilian"]
[Black "Petran, Peter"]
[Result "1/2-1/2"]
[WhiteElo "2101"]
[BlackElo "2308"]
[PlyCount "101"]
[EventDate "2017.??.??"]
[WhiteClock "0:16:50"]
[BlackClock "0:07:31"]

1. e4 c6 2. d4 d5 3. e5 c5 4. dxc5 e6 5. Nf3 Bxc5 6. Bd3 Nc6 7. O-O Nge7 8. c3
a5 9. a4 Ng6 10. Re1 O-O 11. Qe2 Qb6 12. g3 Bd7 13. Kg2 f6 14. exf6 Rxf6 15.
Bg5 Rxf3 16. Qxf3 Rf8 17. Qh5 Rxf2+ 18. Kh1 Qxb2 19. Nd2 Rxd2 20. Bxd2 Qxd2 21.
Bb5 Qxc3 22. Rac1 Qd4 23. Rcd1 Qf6 24. Rxd5 Bf2 25. Rf1 exd5 26. Qxd5+ Be6 27.
Qg2 Qd4 28. Qxf2 Qxf2 29. Rxf2 Nge5 30. Kg1 g5 31. Rb2 Bd5 32. Be2 Nb4 33. Rb1
Kf7 34. Kf2 Ke6 35. Ke3 b6 36. Rf1 Bc6 37. Bd1 h6 38. Kd4 Bd5 39. Be2 Nbc6+ 40.
Kc3 g4 41. Rf8 Bf3 42. Bb5 Ne7 43. Rb8 Bc6 44. Bxc6 N5xc6 45. Rh8 Nf5 46. Kc4
Nd6+ 47. Kc3 Nf7 48. Rg8 Nfe5 49. Rh8 Nf7 50. Rg8 Nfe5 51. Rh8 1/2-1/2

[Event "Open Letni Praha 2017 - A"]
[Site "?"]
[Date "2017.08.08"]
[Round "6"]
[White "Richterova, Natasa"]
[Black "Kulkarni, Bhakti"]
[Result "0-1"]
[WhiteElo "2172"]
[BlackElo "2291"]
[PlyCount "86"]
[EventDate "2017.??.??"]
[WhiteClock "0:01:35"]
[BlackClock "0:22:31"]

1. d4 Nf6 2. c4 c5 3. d5 b5 4. cxb5 a6 5. bxa6 g6 6. g3 d6 7. Bg2 Bxa6 8. Nc3
Bg7 9. Nf3 Nbd7 10. O-O O-O 11. Re1 Ng4 12. a4 Nge5 13. Nxe5 Nxe5 14. Qc2 Qa5
15. Rd1 Rfb8 16. Rb1 Nc4 17. Na2 Nb6 18. b3 c4 19. Bd2 cxb3 20. Qxb3 Qxa4 21.
Qxa4 Nxa4 22. e4 Nb2 23. Rdc1 Bd3 24. Ra1 Nd1 25. Rxd1 Bxa1 26. Rxa1 Rb2 27.
Bc3 Rbxa2 28. Rd1 Bc2 29. Rc1 Rb8 30. h4 Rb1 31. Rxb1 Bxb1 32. f3 f5 33. e5
dxe5 34. Bxe5 Rd2 35. f4 Ba2 36. Bc3 Rd3 37. Bb4 Rxg3 38. Kf2 Rd3 39. Bf1 Rd4
40. Bxe7 Rxf4+ 41. Kg1 Bxd5 42. Bg5 Rg4+ 43. Kf2 h6 0-1

[Event "Open Letni Praha 2017 - A"]
[Site "?"]
[Date "2017.08.08"]
[Round "6"]
[White "Hollan, Petr"]
[Black "Karayev, Kanan"]
[Result "1-0"]
[WhiteElo "2273"]
[BlackElo "2228"]
[PlyCount "71"]
[EventDate "2017.??.??"]
[WhiteClock "0:12:38"]
[BlackClock "0:00:32"]

1. e4 e5 2. Nf3 Nc6 3. Bb5 a6 4. Ba4 Nf6 5. O-O Be7 6. Re1 b5 7. Bb3 O-O 8. h3
d6 9. c3 Nb8 10. d4 Nbd7 11. Nbd2 Bb7 12. Bc2 Re8 13. Nf1 Bf8 14. Ng3 c5 15. d5
g6 16. Be3 c4 17. Qd2 Nc5 18. b3 cxb3 19. axb3 Qc7 20. Rec1 a5 21. Bg5 Bg7 22.
b4 axb4 23. Rxa8 Rxa8 24. cxb4 Na6 25. Bd3 Qd7 26. Ne1 Rc8 27. Ra1 h6 28. Bxh6
Bxh6 29. Qxh6 Nxb4 30. Bf1 Na6 31. Nf5 gxf5 32. Qxf6 fxe4 33. Ra3 b4 34. Rg3+
Kf8 35. Rg7 Qc7 36. Rh7 1-0

[Event "Open Letni Praha 2017 - A"]
[Site "?"]
[Date "2017.08.08"]
[Round "6"]
[White "Nitish, Belurkar"]
[Black "Egorov, Konstantin"]
[Result "1/2-1/2"]
[WhiteElo "2269"]
[BlackElo "2180"]
[PlyCount "55"]
[EventDate "2017.??.??"]
[WhiteClock "0:14:22"]
[BlackClock "0:02:36"]

1. e4 c5 2. c3 d5 3. exd5 Qxd5 4. d4 Nc6 5. Nf3 Bf5 6. Be3 Nf6 7. Na3 e6 8. Bc4
Qe4 9. Nb5 Rc8 10. O-O a6 11. Ng5 Qh4 12. Be2 Ng4 13. Bxg4 Bxg4 14. f3 axb5 15.
fxg4 Bd6 16. g3 Bxg3 17. Qe2 cxd4 18. cxd4 Nxd4 19. Bxd4 Bxh2+ 20. Qxh2 Qxg4+
21. Kh1 Qxg5 22. Rad1 Qd5+ 23. Kg1 Qg5+ 24. Kh1 Qg4 25. Qd6 Qh3+ 26. Kg1 Qg4+
27. Kh1 Qh3+ 28. Kg1 1/2-1/2

[Event "Open Letni Praha 2017 - A"]
[Site "?"]
[Date "2017.08.08"]
[Round "6"]
[White "Toman, Ondrej"]
[Black "Yagupov, Igor"]
[Result "0-1"]
[WhiteElo "2187"]
[BlackElo "2395"]
[PlyCount "92"]
[EventDate "2017.??.??"]
[WhiteClock "0:26:22"]
[BlackClock "0:28:04"]

1. e4 c5 2. Nf3 Nc6 3. Bb5 g6 4. O-O Bg7 5. Re1 Nf6 6. e5 Ng4 7. Bxc6 dxc6 8.
h3 Nh6 9. d3 O-O 10. Nc3 Nf5 11. Bf4 h6 12. Ne4 b6 13. g4 Nd4 14. c3 Nxf3+ 15.
Qxf3 Be6 16. Qe3 Kh7 17. Bg3 Qd7 18. f4 Rae8 19. Nf2 f6 20. Rf1 fxe5 21. fxe5
Bd5 22. Ne4 Rxf1+ 23. Rxf1 Bxa2 24. c4 Rd8 25. Rf3 Bb3 26. Nf2 Qe6 27. h4 a5
28. h5 a4 29. hxg6+ Qxg6 30. Bf4 Rg8 31. Rh3 Bf8 32. Kh2 Qe6 33. Qe4+ Rg6 34.
Qf5 Kg8 35. Ne4 Qf7 36. Rf3 Qg7 37. Bd2 Bd1 38. Rg3 Bxg4 39. Qf4 Be6 40. Rxg6
Qxg6 41. Bc3 Qh5+ 42. Kg1 Qd1+ 43. Qf1 Qxf1+ 44. Kxf1 Bf5 45. Kg2 Bxe4+ 46.
dxe4 Kf7 0-1

[Event "Open Letni Praha 2017 - A"]
[Site "?"]
[Date "2017.08.08"]
[Round "6"]
[White "Haase, Pavel"]
[Black "Aliyev, Ravan"]
[Result "1/2-1/2"]
[WhiteElo "2177"]
[BlackElo "2346"]
[PlyCount "39"]
[EventDate "2017.??.??"]
[WhiteClock "0:07:27"]
[BlackClock "0:33:30"]

1. Nf3 Nf6 2. d4 d5 3. Bf4 e6 4. e3 Bd6 5. Ne5 O-O 6. Bd3 c5 7. c3 b6 8. Nd2
Bb7 9. Qf3 Nc6 10. Qh3 g6 11. Ndf3 Nh5 12. Bh6 Ng7 13. Ng5 Bxe5 14. dxe5 Nxe5
15. Be2 Qd7 16. Bxg7 Kxg7 17. Qxh7+ Kf6 18. Qh4 Kg7 19. Qh7+ Kf6 20. Qh4
1/2-1/2